000 00189nam a2200085 4500
001 1234083
005 20250926112910.0
245 _aFEN KÖYÜ BÜYÜYOR
_cDURSUN GÜZEL
260 _bMODEL ÇOCUK
999 _c1234083
_d1234083